00359nam a22001457a 4500003000400000005001700004008004100021020001800062040000900080082002000089100002100109245004000130260003400170300000900204OSt20210308160253.0210308b ||||| |||| 00| 0 eng d a9788126463800 coclc a894.8113bMUR/A aMurugan, Perumal aArdhanareeswaran /cPerumal Murugan aKottayam:bD C Books, c2016. a189p